Statistics for Famous Villains Quiz #3

Click here to take the quiz!

General Stats

  • This quiz has been taken 37,068 times
    (11,307 since last reset)
  • The average score is 14 of 22

Answer Stats

Clue Villain % Correct
He wants to snack
on Little Red Riding Hood
The Big Bad Wolf
96%
This wicked animal tempted Eve
with forbidden fruit
The Serpent
92%
He's obsessed with killing Harry PotterLord Voldemort
85%
Superman's plutocratic enemyLex Luthor
80%
Norse "trickster" godLoki
80%
This doughy dictator threatens
to nuke other countries
Kim Jong-un
76%
Austin Powers' archnemesisDr. Evil
72%
He bit Evander Holyfield's earMike Tyson
71%
Queen who lived in opulence
while the French people starved
Marie Antoinette
70%
"Psycho" motel ownerNorman Bates
69%
Spider-Man villain whose real name
is Norman Osborn
The Green Goblin
69%
Nuclear plant owner from
"The Simpsons"
Montgomery Burns
68%
Ruler of MordorSauron
67%
Koopa leader who captured
Princess Peach
Bowser
63%
Fluffy giant who tries to destroy
New York in "Ghostbusters"
Stay Puft
Marshmallow Man
54%
Bully from "Back to the Future"Biff Tannen
53%
English King who was forced to
sign the "Magna Carta"
King John
49%
Looney Tunes alien who tries
to destroy Earth
Marvin the Martian
47%
Mean nurse in "One Flew Over
the Cuckoo's Nest"
Nurse Ratched
43%
Little devil-boy from "The Omen"Damien
42%
Milwaukee serial killer and cannibalJeffrey Dahmer
37%
Plotting mailman and Seinfeld's neighborNewman
34%

Score Distribution

Percentile by Number Answered

Percent of People with Each Score

Your Score History

You have not taken this quiz since the last reset